Speak Now (Taylor's Version) Songs - Statistics

General Stats
  • This quiz has been taken 262 times
  • The average score is 19 of 22
Answer Stats
Answer % Correct
Speak Now
95%
Mine
94%
Haunted
90%
Sparks Fly
90%
Dear John
89%
Enchanted
89%
Timeless
87%
Back to December
86%
Castles Crumbling
86%
I Can See You
86%
Long Live
85%
Mean
85%
When Emma Falls in Love
84%
Electric Touch
83%
Superman
83%
The Story of Us
83%
Better than Revenge
81%
Innocent
81%
Last Kiss
78%
Foolish One
77%
Ours
77%
Never Grow Up
75%
No matching quizzes found
Score Distribution
Percent of People with Each Score
Percentile by Number Answered
Your Score History
You have not taken this quiz